000 01129nac a22003137a 4500
001 BR9300886
003 BR-BrBNA
005 20240105121417.0
008 230509b bl.|||m| |||| 00| 0 por d
040 _aBR-BrBNA
_bpor
_cBiblioteca Nacional de Agricultura
072 _aQ54
090 _a1930 BR9300886
100 1 _aPott, E.B.
110 1 _aUnidade de Execucao de Pesquisa de Ambito Estadual de Corumba, MS (Brasil)
_910360
245 1 _aCoeficiente de digestibilidade in vitro e teores de proteina bruta, calcio e fosforo da grama-tio-Pedro (Paspalum oteroi)no Pantanal Mato-Grossense
260 3 _aCorumba, MS (Brasil):
_c1982.
300 _a32 p.
490 _aCircular Tecnica - Unidade de Execucao de Pesquisa de Ambito Estadual de Corumba (Brazil)
_vno. 12
_xISSN 0100-7866
500 _a23 ref.; 6 tables; Summaries (En, Pt)
650 _aGraminea Forrageira
650 _aPastagem
650 _aDigestibilidade in Vitro
650 _aCalcio
650 _aFosforo
650 _aProteina
650 _aMato Grosso do Sul
909 _a202312
_bLúcia Elande
_c55
_dLúcia Elande
942 _2AGRIS
_n0
_cMS
999 _c285139
_d285139